| 000 | 00810nam a2200265 a 4500 | ||
|---|---|---|---|
| 999 |
_c19526 _d19526 |
||
| 001 | 463836 | ||
| 005 | 20170117080929.0 | ||
| 008 | 830812s1984 ilua 001 0 eng | ||
| 010 | _a 83082138 | ||
| 020 | _a0256030308 | ||
| 040 |
_aDLC _cDLC _dDLC |
||
| 050 | 0 | 0 |
_aHF5351 _b.K66 1984 |
| 100 | 1 |
_aKoontz, Harold, _d1908- |
|
| 245 | 1 | 2 |
_aA practical introduction to business / _cHarold Koontz, Robert M. Fulmer. |
| 250 | _a4th ed. | ||
| 260 |
_aHomewood, Ill. : _bR.D. Irwin, _cc1984. |
||
| 300 |
_axxiii, 630 p. : _bill. (some col.) ; _c26 cm. |
||
| 500 | _aIncludes index. | ||
| 650 | 0 | _aBusiness. | |
| 650 | 0 | _aManagement. | |
| 700 | 1 | _aFulmer, Robert M. | |
| 942 |
_2lcc _cBOOKS _hHF5351 .K66 1984 |
||